Числени методи в строителната механика (Запис номер 59928)
[ съкратено ]
| 000 -Лидер | |
|---|---|
| Контролно поле с фиксирана дължина | 01705nam a2200313 c 4500 |
| 003 - Код на организацията, давaща контролен номер | |
| Контролно поле | BLK |
| 005 - Дата и час на последна редакция | |
| Контролно поле | 20180420222918.0 |
| 008 - Елементи от данни с фиксирана дължина | |
| fixed length control field | 180408b bul|||||r ||||||| ||bul|| |
| 010 ## - Наследен системен номер | |
| LC control number | KNG00064055000 |
| 040 ## - Източник на каталожния запис | |
| Идентификатор на билиотеката - собственик на записа | BLK |
| 041 ## - Код за език | |
| Код за езика на текст/звукозапис или на отделно заглавие | Български |
| Код за езика КДБФ | Български |
| 080 ## - УДК | |
| Текстов определител УДК | Строителна механика. Методи за изчисляване на строителните конструкции |
| УДК код - определител по УДК | 624.04 |
| УДК определител | (035) |
| УДК - код + определител | 624.04(035) |
| 080 ## - УДК | |
| Текстов определител УДК | Изчислителна математика. Числен анализ и програмиране (машинна математика) - Числени методи в алгебрата, за решаване на диференциални и интегрални уравнения, апроксимация, интерполиране и др. |
| УДК код - определител по УДК | 519.6 |
| УДК определител | (035) |
| УДК - код + определител | 519.6(035) |
| 100 1# - Редна дума - Автор | |
| Автор | Карамански, Тодор Димитров |
| Авторска отговорност | първи автор |
| R(LIN) | 289414 |
| 139 ## - Редно поле | |
| Редна дума | Карамански, Тодор Димитров |
| Авторски знак | Кара - К 28 |
| 245 10 - Сведения за заглавието | |
| Заглавие | Числени методи в строителната механика |
| Подзаглавни данни | Крайни разлики, крайни елементи, дискретни модели, метричен запис, програмиране : [Ръководство] |
| Редно поле (дума) | Тодор Димитров Карамански. |
| 257 ## - Страна на издаване | |
| Страна на създаване/издаване | България |
| 260 ## - Област на издателските данни | |
| -- | София |
| Име на издателя, разпространителя и проч. | Техника |
| Година на издаване | 1976 |
| 300 ## - Физическа характеристика | |
| Страници | 403 с. |
| Илюстрации и др. | с черт. |
| Размери/Мащаб | 25 см |
| 380 ## - Жанр | |
| Жанр | Техника |
| 500 ## - Общи забележки | |
| Забележка | Библиогр. с. 396-399 |
| 504 ## - Забележка за наличие на библиография и др | |
| Забележка за наличие на библиография и под. | 396-399 |
| 650 #4 - Допълнително описание по предмет – тема | |
| Основно описание – тема или топоним | Строителна механика |
| 9 (RLIN) | 252531 |
| 852 ## - Местоположение | |
| Форматна сигнатура | Цб 79721 |
| 856 4# - Електронен адрес и достъп | |
| Електронен формат | pdf - файл |
| Път до файла /url/ | |
| 856 4# - Електронен адрес и достъп | |
| Електронен формат | pdf - файл |
| Път до файла /url/ | |
| 942 ## - АРТИКУЛИ | |
| Вид на библиотечния материал | Книги |
| Скрит в OPAC | Не |
| 944 ## - СЪЗДАВАНЕ И РЕДАКЦИЯ на ЗАПИСА | |
| Създаване/Редакция | Създаване |
| Дата на регистрацията/редакция | 13.06.2004 |
| Служител, извършил регистрацията/редакцията | Виолета_Тройчева |
| 944 ## - СЪЗДАВАНЕ И РЕДАКЦИЯ на ЗАПИСА | |
| Създаване/Редакция | Редакция |
| Дата на регистрацията/редакция | 07.02.2011 |
| Служител, извършил регистрацията/редакцията | |
| 999 ## - СИСТЕМНИ КОНТРОЛНИ НОМЕРА | |
| Koha biblionumber | 59928 |
| Koha biblioitemnumber | 59928 |
| Код за отписване | Код за изгубен артикул | Източник на класификационната схема | Код за повреда | Коз за рестрикции | Код за отдаване | Артикулен № | Име на библиотеката - собственик | Име на библиотеката, в която се намира в момента | Статус (Текущо местоположение) | Дата на вписване в системата | Местоположение - отдел | Цена в лева | Инвентарен номер | Систематично азбучна сигнатура | Баркод | Номер на екземпляра | Цена в евро | Служебна бележка | Служебен тип на артикула |
|---|---|---|---|---|---|---|---|---|---|---|---|---|---|---|---|---|---|---|---|
| Не е изгубен | Universal Decimal Classification | Не е повреден | без рестрикции | ползва се в читалня | 98163 | Регионална библиотека "Любен Каравелов" Русе | Регионална библиотека "Любен Каравелов" Русе | Читалня | 1993-01-01 | Читалня | 3.00 | 201680 | Ч 624.04/К 33 | 120000201680 | 1 | 1.53 | Дост: Pk Вид: Ф N: стар фонд Дата: 01.01.1976 Дата инв: 24.03.2017 Бележки инв: Ч2017 | Книги | |
| Не е изгубен | Universal Decimal Classification | Не е повреден | само за читалня | ползва се в читалня | 98164 | Регионална библиотека "Любен Каравелов" Русе | Регионална библиотека "Любен Каравелов" Русе | Хранилище | 1976-01-01 | Хранилище | 3.00 | 201286 | Цб 79721 | 120000201286 | 2 | 1.53 | Дост: Dp Вид: Д N: стар фонд Дата: 01.01.1976 | Книги | |
| Изтеглен | Не е изгубен | Universal Decimal Classification | Не е повреден | без рестрикции | заемане за дома | 98165 | Регионална библиотека "Любен Каравелов" Русе | Регионална библиотека "Любен Каравелов" Русе | Заемна - подръчен фонд | 1976-01-01 | Заемна - подръчен фонд | 3.00 | 201679 | П 624.04/К 33 | 201679 | 3 | 1.53 | Дост: Pk Вид: Ф N: стар фонд Дата: 01.01.1976 | Книги |
| Изтеглен | Не е изгубен | Universal Decimal Classification | Не е повреден | без рестрикции | заемане за дома | 98166 | Регионална библиотека "Любен Каравелов" Русе | Регионална библиотека "Любен Каравелов" Русе | Заемна - подръчен фонд | 1976-01-01 | Заемна - подръчен фонд | 3.00 | 201677 | П 624.04/К 33 | 201677 | 4 | 1.53 | Дост: Pk Вид: Ф N: стар фонд Дата: 01.01.1976 | Книги |